000 00904nas a2200301 4500
001 BR2017002922
003 BR-BrBNA
005 20231205131121.0
007 ta
008 230509b bl.|||p| |||| 00| 00por d
040 _aBR-BrBNA
_bpor
_cBiblioteca Nacional de Agricultura
041 _a(En)
072 _aU10
100 1 _aMacedo, L.R. de
100 1 _aCecon, P.R.
100 1 _aSlva, F.F. e
100 1 _aNascimento, M.
100 1 _aPuiatti, G.A.
100 1 _aOliveira, A.C.R. de
100 1 _aPiatti, M.
245 1 _aBayesian inference for the fitting of dry matter accumulation curves in garlic plants
650 _aALHO
650 _aMATÉRIA SECA
650 _aMODELO MATEMÁTICO
773 0 _tPesquisa Agropecuária Brasileira (Brazil)
_xISSN 0100-204X
_g(Aug 2017), v. 52(8) p. 572-581
_wBR2017002922
909 _a202311
_bLúcia
_c55
_dLúcia Elande
942 _2AGRIS
_n0
_cANA
999 _c253107
_d253107